[Event "PHI-ch (Women)"]
[Site "Manila"]
[Date "2016.06.27"]
[Round "12"]
[White "Frayna, Janelle Mae"]
[Black "Bermundo, Lucelle R"]
[Result "1-0"]
[WhiteElo "2285"]
[BlackElo "1890"]
[PlyCount "87"]
[EventDate "2016.06.20"]
[EventType "tourn"]
[EventRounds "13"]
[EventCountry "PHI"]
[SourceTitle "CBM 173 Extra"]
[Source "ChessBase"]
[SourceDate "2016.08.29"]
[SourceVersion "1"]
[SourceVersionDate "2016.08.29"]
[SourceQuality "1"]

1. c4 g6 2. g3 Bg7 3. Bg2 e5 4. Nc3 d6 5. e4 Be6 6. d3 Qd7 7. f4 Nc6 8. Nf3 Bh3 9. 0-0 Bxg2 10. Kxg2 Nge7 11. Be3 0-0 12. Qd2 f5 13. Nd5 exf4 14. gxf4 Nd8 15. Rae1 Ne6 16. Kh1 fxe4 17. dxe4 c6 18. Nc3 Bh6 19. f5 Bxe3 20. Qxe3 Ng7 21. Qh6 Ne8 22. Ng5 Nf6 23. Rg1 Kh8 24. Nxh7 Nxh7 25. fxg6 Nxg6 26. Rxg6 Qf7 27. Rg3 Rad8 28. Reg1 Rg8 29. h4 Rxg3 30. Rxg3 Qf1+ 31. Kh2 Rd7 32. Qh5 Rf7 33. Nd1 Qxc4 34. Qg4 Rc7 35. Ne3 Qf7 36. Nf5 d5 37. Nh6 Qg7 38. Qf4 Qxb2+ 39. Kh3 Rg7 40. Qb8+ Nf8 41. Qxf8+ Kh7 42. Ng4 Rg6 43. h5 Re6 44. Qf7+ 1-0

[Event "PHI-ch (Women)"]
[Site "Manila"]
[Date "2016.06.27"]
[Round "11"]
[White "Fronda Pascua, Jan Jodilyn"]
[Black "Bermundo, Lucelle R"]
[Result "1/2-1/2"]
[WhiteElo "2119"]
[BlackElo "1890"]
[PlyCount "112"]
[EventDate "2016.06.20"]
[EventType "tourn"]
[EventRounds "13"]
[EventCountry "PHI"]
[SourceTitle "CBM 173 Extra"]
[Source "ChessBase"]
[SourceDate "2016.08.29"]
[SourceVersion "1"]
[SourceVersionDate "2016.08.29"]
[SourceQuality "1"]

1. e4 g6 2. d4 Bg7 3. c4 d6 4. Nc3 Nc6 5. Be3 e5 6. d5 Nce7 7. g4 f5 8. gxf5 gxf5 9. Qh5+ Ng6 10. exf5 Qh4 11. Qxh4 Nxh4 12. Nb5 Kd8 13. Bh3 Nxf5 14. Bxf5 Bxf5 15. Nf3 a6 16. Nc3 Ne7 17. Rg1 Rg8 18. h4 Kd7 19. Kd2 Bf6 20. Ng5 Bg6 21. h5 Bxg5 22. Bxg5 Bf5 23. f3 Raf8 24. Ke3 Nc8 25. Bh6 Rxg1 26. Rxg1 Rf7 27. b3 c6 28. Ne4 cxd5 29. cxd5 Ne7 30. Rd1 Ng8 31. Bg5 Rg7 32. Bh4 Bxe4 33. fxe4 Rg4 34. Rh1 Nh6 35. Bf2 Rf4 36. Bh4 Ng4+ 37. Kd3 Rf3+ 38. Kd2 Rf4 39. Kd3 Rf3+ 40. Kd2 Re3 41. Rf1 Ke8 42. Rc1 Rxe4 43. Rc7 Nh2 44. Bf2 Rf4 45. Ke2 Rf7 46. Rc8+ Kd7 47. Rg8 Nf3 48. h6 Nd4+ 49. Bxd4 exd4 50. Kd3 Ke7 51. Kxd4 Rf4+ 52. Ke3 Rf8 53. Rg4 Rf7 54. Ke4 Rf6 55. Rg7+ Rf7 56. b4 Kf8 1/2-1/2

[Event "PHI-ch (Women)"]
[Site "Manila"]
[Date "2016.06.23"]
[Round "5"]
[White "Mendoza, Beverly"]
[Black "Bermundo, Lucelle R"]
[Result "1/2-1/2"]
[WhiteElo "2013"]
[BlackElo "1890"]
[PlyCount "165"]
[EventDate "2016.06.20"]
[EventType "tourn"]
[EventRounds "13"]
[EventCountry "PHI"]
[SourceTitle "CBM 173 Extra"]
[Source "ChessBase"]
[SourceDate "2016.08.29"]
[SourceVersion "1"]
[SourceVersionDate "2016.08.29"]
[SourceQuality "1"]

1. e4 g6 2. d4 Bg7 3. Nc3 c6 4. Nf3 d5 5. h3 Nf6 6. e5 Ne4 7. Nxe4 dxe4 8. Ng5 c5 9. Bc4 0-0 10. c3 cxd4 11. cxd4 Nc6 12. Be3 Qa5+ 13. Bd2 Qb6 14. Bc3 h6 15. Nxe4 Rd8 16. Qf3 Nxd4 17. Qxf7+ Kh8 18. Qxe7 Bf5 19. Nd6 Rd7 20. Qh4 Nc2+ 21. Ke2 Rxd6 22. exd6 Re8+ 23. Kf1 Kh7 24. Rd1 Re4 25. d7 Rxh4 26. d8Q Qxd8 27. Rxd8 Rxc4 28. Bxg7 Kxg7 29. f3 Nd4 30. Kf2 Rc2+ 31. Kg1 Nc6 32. Rd6 Rxb2 33. g4 Bc2 34. Rh2 Ne5 35. Rf2 Rb1+ 36. Kg2 Bd1 37. f4 Nc4 38. Rd7+ Kf6 39. Kg3 Ba4 40. g5+ hxg5 41. fxg5+ Kxg5 42. Rh7 Rg1+ 43. Kh2 Rb1 44. Kg3 Rg1+ 45. Kh2 Rb1 46. h4+ Kg4 47. Rhf7 Rb2 48. R7f4+ Kh5 49. Rxb2 Nxb2 50. Rb4 Bc6 51. Rxb2 Kxh4 52. Rb4+ Kg5 53. Kg3 Kf5 54. Rc4 Ke5 55. Kf2 Bd5 56. Ra4 a6 57. a3 Bc6 58. Rg4 Kf5 59. Kg3 Be4 60. Kh4 Ke5 61. Kg3 Kd4 62. Rf4 b5 63. Rf6 a5 64. Ra6 a4 65. Rb6 Kc4 66. Re6 Bd3 67. Re3 Kd4 68. Kf2 Kc3 69. Re1 Kb2 70. Re3 Bc4 71. Ke1 Bb3 72. Re5 Bc4 73. Re3 b4 74. axb4 a3 75. Kf2 a2 76. Re1 Bd3 77. Ke3 Bb1 78. Re2+ Kb3 79. Rxa2 Bxa2 80. b5 Kb4 81. b6 Bd5 82. Kf4 Kc5 83. Kg5 1/2-1/2

[Event "PHI-ch (Women)"]
[Site "Manila"]
[Date "2016.06.21"]
[Round "2"]
[White "Bermundo, Lucelle R"]
[Black "Mendoza, Shania Mae"]
[Result "1/2-1/2"]
[WhiteElo "1890"]
[BlackElo "2193"]
[PlyCount "74"]
[EventDate "2016.06.20"]
[EventType "tourn"]
[EventRounds "13"]
[EventCountry "PHI"]
[SourceTitle "CBM 173 Extra"]
[Source "ChessBase"]
[SourceDate "2016.08.29"]
[SourceVersion "1"]
[SourceVersionDate "2016.08.29"]
[SourceQuality "1"]

1. d4 d5 2. Bf4 Nf6 3. e3 c5 4. c3 Nc6 5. Nd2 cxd4 6. exd4 Bf5 7. Qb3 Qc8 8. Ngf3 e6 9. Nh4 Be4 10. f3 Bg6 11. g4 Be7 12. Bg3 a6 13. a4 Nd7 14. Nxg6 hxg6 15. Bd3 Bh4 16. Kf2 Bf6 17. h4 b6 18. Rae1 Kf8 19. Qc2 b5 20. g5 Nxd4 21. Bd6+ Kg8 22. cxd4 Bxd4+ 23. Kg3 Qb7 24. Nb3 Rc8 25. Qe2 Bxb2 26. axb5 Bc3 27. Rb1 Qb6 28. Bf4 e5 29. Bd2 Qd6 30. Kg2 axb5 31. Bxb5 Nf8 32. Qd3 Bxd2 33. Qxd2 Ne6 34. Rbd1 Nf4+ 35. Kg3 Nh5+ 36. Kg2 Nf4+ 37. Kg3 Nh5+ 1/2-1/2

[Event "PHI-ch (Women)"]
[Site "Manila"]
[Date "2016.06.21"]
[Round "3"]
[White "Pineda, Judith"]
[Black "Bermundo, Lucelle R"]
[Result "0-1"]
[WhiteElo "1905"]
[BlackElo "1890"]
[PlyCount "60"]
[EventDate "2016.06.20"]
[EventType "tourn"]
[EventRounds "13"]
[EventCountry "PHI"]
[SourceTitle "CBM 173 Extra"]
[Source "ChessBase"]
[SourceDate "2016.08.29"]
[SourceVersion "1"]
[SourceVersionDate "2016.08.29"]
[SourceQuality "1"]

1. e4 g6 2. Nc3 Bg7 3. d4 c6 4. f4 d5 5. e5 h5 6. Bd3 Nh6 7. Nf3 Bg4 8. h3 Bf5 9. Be2 b5 10. a3 Nd7 11. Be3 Nb6 12. b3 Be4 13. 0-0 Bxf3 14. Rxf3 h4 15. Qd2 Nf5 16. Bf2 e6 17. Nd1 Bf8 18. Nb2 a6 19. a4 Be7 20. c4 dxc4 21. bxc4 0-0 22. axb5 axb5 23. Rxa8 Qxa8 24. cxb5 cxb5 25. Bxb5 Qa1+ 26. Bf1 Rc8 27. Rc3 Rxc3 28. Qxc3 Nd5 29. Qc8+ Kg7 30. Qc2 Qxf1+ 0-1

[Event "PHI-ch sf (Women)"]
[Site "Manila"]
[Date "2014.??.??"]
[Round "4"]
[White "Bermundo, Lucelle R"]
[Black "Macaspac, Kate Ruzell"]
[Result "1-0"]
[WhiteElo "1930"]
[BlackElo "1810"]
[PlyCount "115"]
[EventDate "2014.03.??"]
[EventType "swiss"]
[EventRounds "9"]
[EventCountry "PHI"]
[SourceTitle "EXT 2016"]
[Source "ChessBase"]
[SourceDate "2015.10.08"]
[SourceVersion "1"]
[SourceVersionDate "2015.10.08"]
[SourceQuality "1"]

1. d4 d5 2. Bf4 e6 3. e3 Bd6 4. Nf3 Bxf4 5. exf4 Nd7 6. g3 Ngf6 7. Bg2 b6 8. 0-0 Bb7 9. Ne5 0-0 10. Qd3 Nxe5 11. fxe5 Nd7 12. Nd2 a5 13. Rfe1 c5 14. c3 Rc8 15. Rac1 Rc7 16. Nf1 Qc8 17. Qd2 a4 18. Ne3 b5 19. f4 c4 20. a3 Qe8 21. f5 exf5 22. Nxf5 Qd8 23. Rc2 Nb6 24. Qf4 Re8 25. Nd6 Re6 26. Bh3 Rh6 27. Bg4 Bc8 28. Nxb5 Re7 29. Rce2 Bxg4 30. Qxg4 Nc8 31. Nd6 Nxd6 32. exd6 Rxe2 33. Qxe2 Re6 34. Qd1 Rxe1+ 35. Qxe1 Qxd6 36. Qe8+ Qf8 37. Qxa4 h5 38. Qc6 Qd8 39. a4 g5 40. Kg2 Kg7 41. h3 Kg8 42. Qh6 h4 43. gxh4 gxh4 44. Kf3 Qe7 45. Qe3 Qd8 46. Qe5 Kh7 47. Kg4 f6 48. Qf5+ Kg7 49. Kxh4 Kf7 50. Kg4 Qa5 51. Qd7+ Kg6 52. h4 f5+ 53. Qxf5+ Kg7 54. Qd7+ Kf6 55. h5 Qa8 56. Qf5+ Ke7 57. h6 Qg8+ 58. Qg5+ 1-0

[Event "PHI-ch sf (Women)"]
[Site "Manila"]
[Date "2014.??.??"]
[Round "9"]
[White "Bermundo, Lucelle R"]
[Black "Reyes, Queenie Lyn Dc"]
[Result "1-0"]
[WhiteElo "1930"]
[BlackElo "1885"]
[PlyCount "83"]
[EventDate "2014.03.??"]
[EventType "swiss"]
[EventRounds "9"]
[EventCountry "PHI"]
[SourceTitle "EXT 2016"]
[Source "ChessBase"]
[SourceDate "2015.10.08"]
[SourceVersion "1"]
[SourceVersionDate "2015.10.08"]
[SourceQuality "1"]

1. d4 Nf6 2. Bf4 e6 3. e3 c5 4. c3 cxd4 5. exd4 Nc6 6. Nf3 Be7 7. h3 b6 8. Bd3 Bb7 9. 0-0 0-0 10. Nbd2 Re8 11. Re1 d6 12. Bh2 Bf8 13. Ne4 Nxe4 14. Bxe4 g6 15. d5 exd5 16. Bxd5 Rxe1+ 17. Qxe1 Na5 18. Qe4 Qe7 19. Bxb7 Qxb7 20. Qe2 Nc6 21. Rd1 Rd8 22. Nd4 Nxd4 23. Rxd4 Qe7 24. Kf1 Qxe2+ 25. Kxe2 f6 26. Kd3 Kf7 27. c4 f5 28. b3 Ke6 29. Rd5 Rd7 30. f3 Bg7 31. a4 Bf6 32. g4 Be5 33. f4 Bf6 34. Bg1 h5 35. g5 Be7 36. Bd4 Bd8 37. Kc3 Rb7 38. Bf2 a6 39. b4 Bc7 40. Rd2 Bd8 41. Kd4 a5 42. Re2+ 1-0

[Event "PHI-ch sf (Women)"]
[Site "Manila"]
[Date "2014.??.??"]
[Round "3"]
[White "Butal, Charina"]
[Black "Bermundo, Lucelle R"]
[Result "0-1"]
[WhiteElo "1785"]
[BlackElo "1930"]
[PlyCount "68"]
[EventDate "2014.03.??"]
[EventType "swiss"]
[EventRounds "9"]
[EventCountry "PHI"]
[SourceTitle "EXT 2016"]
[Source "ChessBase"]
[SourceDate "2015.10.08"]
[SourceVersion "1"]
[SourceVersionDate "2015.10.08"]
[SourceQuality "1"]

1. e4 g6 2. d4 Bg7 3. Nf3 c6 4. Bc4 d5 5. exd5 cxd5 6. Bd3 Bg4 7. Be3 Qb6 8. Nc3 e6 9. Bb5+ Nc6 10. h3 Bxf3 11. gxf3 Nge7 12. Qd3 a6 13. Bxc6+ Nxc6 14. 0-0-0 0-0 15. h4 h5 16. f4 Rfc8 17. Rdg1 Nb4 18. Qe2 Qa5 19. a3 Rxc3 20. axb4 Qa1+ 21. Kd2 Qxb2 22. Rc1 Rac8 23. Kd1 Qxb4 24. Qd2 R3c4 25. Qxb4 Rxb4 26. c3 Rb2 27. Re1 b5 28. Re2 Rxe2 29. Kxe2 Bf6 30. Kd2 Bxh4 31. f3 Be7 32. Rb1 Kg7 33. Bf2 Bd6 34. Be3 Kf6 0-1